| Tag |
First Indicator |
Second Indicator |
Subfields |
| LEADER |
00000cam a2200000 a 4500 |
| 001 |
in00000020096 |
| 005 |
20151007053823.0 |
| 008 |
870521s1987 nyu b 00000 eng |
| 010 |
|
|
|a 87142958
|
| 035 |
|
|
|a (OCoLC)15546425
|
| 035 |
|
|
|9 AAB2931AM
|
| 040 |
|
|
|a DLC
|c DLC
|d TXA
|d UtOrBLW
|
| 049 |
|
|
|a TXAM
|c [A11494170]
|
| 050 |
0 |
0 |
|a HG179
|b .P387 1987
|
| 082 |
0 |
|
|a 332.024
|2 19
|
| 245 |
0 |
0 |
|a Personal financial planning :
|b the team approach.
|
| 264 |
|
1 |
|a New York, N.Y. (1211 Ave. of the Americas, New York 10036-8775) :
|b American Institute of Certified Public Accountants,
|c [1987]
|
| 264 |
|
4 |
|c ©1987
|
| 300 |
|
|
|a viii, 131 pages ;
|c 23 cm.
|
| 336 |
|
|
|a text
|b txt
|2 rdacontent
|
| 337 |
|
|
|a unmediated
|b n
|2 rdamedia
|
| 338 |
|
|
|a volume
|b nc
|2 rdacarrier
|
| 490 |
1 |
|
|a Management advisory services practice aids. Small business consulting practice aid ;
|v 7
|
| 504 |
|
|
|a Bibliography: page 131.
|
| 650 |
|
0 |
|a Finance, Personal
|v Handbooks, manuals, etc.
|
| 650 |
|
0 |
|a Small business
|x Finance
|v Handbooks, manuals, etc.
|
| 650 |
|
0 |
|a Business
|v Forms.
|
| 710 |
2 |
|
|a American Institute of Certified Public Accountants.
|
| 830 |
|
0 |
|a Management advisory services practice aids. Small business consulting practice aid ;
|v 7.
|
| 999 |
|
|
|a MARS
|
| 999 |
f |
f |
|s b2851e30-7190-3b4a-8e0f-9a4a3c75b4f9
|i 6f2c8d56-ca1e-3f8e-8fdc-c083dad9d2f6
|t 0
|
| 952 |
f |
f |
|p ric
|a Texas A&M University
|b Rellis Campus
|c Joint Library Facility
|d Remote Storage
|t 0
|e HG179 .P387 1987
|h Library of Congress classification
|i unmediated -- volume
|m A14811494170
|
| 998 |
f |
f |
|a HG179 .P387 1987
|t 0
|l Remote Storage
|